|
|
|
|
| LEADER |
00000nam a22000007a 4500 |
| 005 |
20160519153324.0 |
| 007 |
cr|||| ||u| |
| 008 |
160519s2011 bl ||||| |||| 00||0 por d |
| 020 |
|
|
|a 978-85-89919-92-0
|
| 035 |
|
|
|a 14226
|
| 040 |
|
|
|a vLex
|
| 090 |
|
|
|c 6101
|d 6101
|
| 100 |
1 |
|
|a Guimarês de Araj︢o, Suely Mara Vaz
|
| 245 |
1 |
0 |
|a Comentr̀ios ̉Lei dos Resd̕uos Sl̤idos. Lei no 12.305, de 2 de agosto de 2010 (e seu regulamento)
|h [Recurso electrn̤ico] /
|c Suely Mara Vaz Guimarês de Araj︢o
|
| 256 |
|
|
|a Servicio en ln̕ea
|
| 260 |
|
|
|a Brasil
|b Pillares
|c 2011
|
| 300 |
|
|
|a 1 recurso electrn̤ico
|
| 500 |
|
|
|a O livro trata da Lei da Polt̕ica Nacional de Resd̕uos Sl̤idos (Lei nð 12.305, de 2 de agosto de 2010), apresentando um panorama geral da gestô dos resd̕uos sl̤idos no pas̕, uma anl̀ise dos diversos dispositivos constantes na recente lei e em seu regulamento. Estô inclusos, tambm̌, comentr̀ios sobre o processo de formulaȯ̂ desse importante diploma legal. Dessa forma, o livro presta relevante serviȯ ao facilitar o entendimento dos vr̀ios dispositivos que integram a nova lei, beneficiando aplicadores do Direito, estudantes, gestores pb︢licos e privados, os geradores de resd̕uos e a populaȯ̂ em geral.
|
| 506 |
1 |
|
|a Contenido solo disponible en los productos indicados
|d vLex Global
|d vLex Global (Academic Edition, excluding Law Schools)
|d vLex Global (U.S. Academic Edition, Law Schools)
|d vLex Global (U.S. Academic Edition, excluding Law Schools)
|d vLex Global (Academic Edition, Law Schools)
|
| 650 |
0 |
4 |
|a Derecho
|z Brasil
|
| 740 |
0 |
|
|a vLex libros (servicio en ln̕ea)
|
| 856 |
4 |
0 |
|u http://vlex.com/source/comentarios-a-lei-dos-residuos-solidos-lei-no-12-305-de-2-de-agosto-de-2010-e-seu-regulamento--14226
|z Acceso restringido
|
| 942 |
|
|
|c BOOK
|
| 999 |
0 |
|
|a Law
|b Brasil
|